[Event "Quebec-ch U12"]
[Site "Montreal"]
[Date "2018.01.14"]
[Round "5"]
[White "Liu, Kevin1111"]
[Black "Zhong, Ziyi"]
[Result "1-0"]
[WhiteElo "1556"]
[BlackElo "1313"]
[PlyCount "125"]
[EventDate "2018.01.12"]
[EventType "swiss"]
[EventRounds "5"]
[EventCountry "CAN"]
[SourceTitle "EXT 2022"]
[Source "ChessBase"]
[SourceDate "2021.10.06"]
[SourceVersion "1"]
[SourceVersionDate "2021.10.06"]
[SourceQuality "1"]

1. c4 c5 2. e4 e5 3. g3 Nf6 4. Bg2 Nc6 5. Ne2 g6 6. Nbc3 Bg7 7. 0-0 0-0 8. d3 d6 9. a3 a6 10. Rb1 Nd4 11. b4 b6 12. f4 Bg4 13. h3 Be6 14. f5 gxf5 15. exf5 Bxf5 16. Nxd4 cxd4 17. Rxf5 dxc3 18. Bxa8 Qxa8 19. Qf3 e4 20. dxe4 Qxe4 21. Rb3 Qc2 22. Rxc3 Qe4 23. Qxe4 Nxe4 24. Rd3 Be5 25. Bf4 f6 26. Bxe5 dxe5 27. Kf1 Kf7 28. Ke2 Ke6 29. g4 Rc8 30. Rff3 Ng5 31. Rfe3 Ke7 32. Rc3 Ne6 33. Rc1 Nd4+ 34. Kf2 Ke6 35. Rec3 f5 36. gxf5+ Kxf5 37. b5 axb5 38. cxb5 Rf8 39. Ke3 Nxb5 40. Rc6 Nxa3 41. Rf1+ Kg5 42. Rxf8 b5 43. Kd3 Nc4 44. Rxc4 bxc4+ 45. Kxc4 Kh4 46. Rg8 h5 47. Kd5 Kxh3 48. Kxe5 h4 49. Kf4 Kh2 50. Kg4 h3 51. Rh8 Kg2 52. Rxh3 Kf2 53. Kf4 Kg2 54. Ra3 Kh2 55. Kg4 Kg2 56. Ra2+ Kf1 57. Kg3 Ke1 58. Kf3 Kd1 59. Ke3 Kc1 60. Rh2 Kb1 61. Kd3 Kc1 62. Rg2 Kd1 63. Rg1# 1-0

[Event "Quebec op U1400"]
[Site "Montreal"]
[Date "2016.07.28"]
[Round "7.7"]
[White "Zhong, Ziyi"]
[Black "Hall, Arturo"]
[Result "1-0"]
[WhiteElo "1240"]
[BlackElo "1291"]
[PlyCount "135"]
[EventDate "2016.07.23"]
[EventType "swiss"]
[EventRounds "8"]
[EventCountry "CAN"]
[SourceTitle "EXT 2022"]
[Source "ChessBase"]
[SourceDate "2021.10.06"]
[SourceVersion "1"]
[SourceVersionDate "2021.10.06"]
[SourceQuality "1"]

1. e4 e5 2. Nf3 Nc6 3. Bc4 h6 4. 0-0 Nf6 5. d3 Bc5 6. a3 0-0 7. Be3 Bxe3 8. fxe3 d6 9. Nc3 Ne7 10. d4 exd4 11. exd4 c6 12. e5 Nfd5 13. exd6 Ne3 14. dxe7 Qxe7 15. Qe2 Re8 16. Rfe1 Bg4 17. Ba2 Rad8 18. Nd1 Bxf3 19. Qxf3 Qd6 20. Bxf7+ Kh8 21. Bxe8 Nxc2 22. Bf7 Nxe1 23. Qe2 Qxd4+ 24. Kh1 Nd3 25. Ne3 Rf8 26. Rd1 Rxf7 27. Rxd3 Qf6 28. h3 Re7 29. Rd8+ Kh7 30. Qd3+ g6 31. Rd7 h5 32. Qd2 b5 33. Qc3 Qe6 34. Rxe7+ Qxe7 35. Nf1 Qf8 36. Kg1 Qc8 37. b4 a6 38. Ne3 Qe8 39. g4 Qd7 40. Qb3 Kg7 41. gxh5 gxh5 42. Qb2+ Kf8 43. Qf2+ Qf7 44. Qxf7+ Kxf7 45. Kf2 Ke6 46. Ng2 Ke5 47. Ke3 Kf6 48. Kf4 Kg6 49. Ke5 Kg5 50. h4+ Kg4 51. Nf4 Kxh4 52. Nxh5 Kxh5 53. Kd6 Kg6 54. Kxc6 Kf6 55. Kb6 Ke7 56. Kxa6 Kd7 57. Kxb5 Kc7 58. a4 Kb7 59. a5 Ka7 60. a6 Kb8 61. Ka5 Ka7 62. b5 Ka8 63. b6 Kb8 64. Kb5 Ka8 65. Kc6 Kb8 66. Kd7 Ka8 67. b7+ Kb8 68. Kc6 1-0